Tunisia : Selected Issues.

This paper reviews the progress made by the Tunisian authorities in their efforts to liberalize the capital account and highlights the potential benefits of implementing the remaining reforms in this area. It also analyzes the developments within a unified analytical framework, provides tentative in...

Täydet tiedot

Bibliografiset tiedot
Yhteisötekijä: International Monetary Fund
Aineistotyyppi: Aikakauslehti
Kieli:English
Julkaistu: Washington, D.C. : International Monetary Fund, 2006.
Sarja:IMF Staff Country Reports; Country Report ; No. 2006/208
Linkit:Full text available on IMF
LEADER 01478cas a2200241 a 4500
001 AALejournalIMF009079
008 230101c9999 xx r poo 0 0eng d
020 |c 5.00 USD 
020 |z 9781451837889 
022 |a 1934-7685 
040 |a BD-DhAAL  |c BD-DhAAL 
110 2 |a International Monetary Fund. 
245 1 0 |a Tunisia :   |b Selected Issues. 
264 1 |a Washington, D.C. :  |b International Monetary Fund,  |c 2006. 
300 |a 1 online resource (22 pages) 
490 1 |a IMF Staff Country Reports 
500 |a <strong>Off-Campus Access:</strong> No User ID or Password Required 
500 |a <strong>On-Campus Access:</strong> No User ID or Password Required 
506 |a Electronic access restricted to authorized BRAC University faculty, staff and students 
520 3 |a This paper reviews the progress made by the Tunisian authorities in their efforts to liberalize the capital account and highlights the potential benefits of implementing the remaining reforms in this area. It also analyzes the developments within a unified analytical framework, provides tentative insights regarding priorities for the government's growth strategy ahead, and discusses the impact of ongoing labor market reforms and investment promotion policies. 
538 |a Mode of access: Internet 
830 0 |a IMF Staff Country Reports; Country Report ;  |v No. 2006/208 
856 4 0 |z Full text available on IMF  |u http://elibrary.imf.org/view/journals/002/2006/208/002.2006.issue-208-en.xml  |z IMF e-Library